Martin Luther King / Gerd Presler ; traducció de Mariona Alsina
Descripción Física:
140 p. : il. ; 21 cm
Colección:
Col·lecció Pere Vergés de biografies ; 3
Otros Autores:
Alsina, Mariona
MARC
| LEADER | 00000nam a2200000Ia 4500 | ||
|---|---|---|---|
| 001 | 12488 | ||
| 008 | 160829s1990 xx 000 0 cat d | ||
| 080 | |a M-2-303 | ||
| 100 | |a Presler, Gerd |9 32660 | ||
| 245 | |a Martin Luther King / Gerd Presler ; traducció de Mariona Alsina | ||
| 260 | |a Barcelona : |b Edicions 62 : |b Caixa de Catalunya, |c 1990 | ||
| 300 | |a 140 p. : |b il. ; |c 21 cm | ||
| 490 | |a Col·lecció Pere Vergés de biografies ; 3 | ||
| 590 | |a Col·labora en l'edició: Fundació Pere Vergés | ||
| 650 | |a King, Martin Luther |9 32661 | ||
| 650 | |a Racisme |x Estats Units d'Amèrica |9 32662 | ||
| 700 | 1 | |a Alsina, Mariona |9 32663 | |
| 901 | |a Arxiu | ||
| 942 | |n 1 | ||
| 952 | |0 0 |1 0 |4 0 |6 M2303 |7 1 |9 46063 |a Arxiu |b Arxiu |d 2016-12-01 |l 0 |o M-2-303 |p 12488 |r 2016-12-01 00:00:00 |w 2016-12-01 |y ARXIU | ||
| 999 | |c 49565 |d 49565 | ||